<?xml version="1.0" encoding="UTF-8"?>
<record
    xmlns:xsi="http://www.w3.org/2001/XMLSchema-instance"
    xsi:schemaLocation="http://www.loc.gov/MARC21/slim http://www.loc.gov/standards/marcxml/schema/MARC21slim.xsd"
    xmlns="http://www.loc.gov/MARC21/slim">

  <leader>01279nam a22001577a 4500</leader>
  <controlfield tag="003">IT-RoPau</controlfield>
  <controlfield tag="005">20220918181103.0</controlfield>
  <controlfield tag="008">130409b        xxu||||| |||| 00| 0 eng d</controlfield>
  <datafield tag="040" ind1=" " ind2=" ">
    <subfield code="c">IT-RoPau</subfield>
  </datafield>
  <datafield tag="245" ind1=" " ind2=" ">
    <subfield code="a">"Compartir el pan de la palabra"</subfield>
    <subfield code="b">Dossier para el Ano B&#xED;blico Paulino 1991 - 1992</subfield>
  </datafield>
  <datafield tag="250" ind1=" " ind2=" ">
    <subfield code="a">1&#xB0; ed</subfield>
  </datafield>
  <datafield tag="260" ind1=" " ind2=" ">
    <subfield code="a">Roma</subfield>
    <subfield code="b">Casa General SSP</subfield>
    <subfield code="c">1991</subfield>
  </datafield>
  <datafield tag="300" ind1=" " ind2=" ">
    <subfield code="a">137 pp.</subfield>
    <subfield code="c">28,5 cm</subfield>
  </datafield>
  <datafield tag="520" ind1=" " ind2=" ">
    <subfield code="a">Indice

Presentaci&#xF3;n, del P. Renato Perino
Nota introductiva, del P. Guido Gandolfo
P. Franco Pierini, El P. Alberione y la Biblia
(Esbozo de investigaci&#xF3;n hist&#xF3;rico-cultural)
P. Alejandro Castegnaro, El P. Alberione y San Pablo
P. Angel Colacrai, Jn 14,6 - Contenido esencial y m&#xE9;todo de espiritualidad "paulina" - Apuntes
P. Antonio da Silva, Jn. 14,6 - herencia carism&#xE1;tica para la Familia Paulina
P. Hugo Vanni, San Pablo y la Palabra de Dios
Mons. Alberto Ablondi, la Biblia en la Iglesia hoy
P. Angel Colacrai, Itinerario B&#xED;blico-espiritual (Lectio Divina)
P. Antonio F. da Silva, Una propuesta de interpretaci&#xF3;n de la experiencia Verdad-Camino-Vida
Asamblea de Ariccia, Algunas sugerencias pr&#xE1;cticas
(para el compromiso individual y comunitario)
P. Venancio Floriano, Propuestas para la "Hora de adoraci&#xF3;n" en los primeros domingos del mes</subfield>
  </datafield>
  <datafield tag="942" ind1=" " ind2=" ">
    <subfield code="2">ddc</subfield>
    <subfield code="c">BK</subfield>
  </datafield>
  <datafield tag="999" ind1=" " ind2=" ">
    <subfield code="c">98336</subfield>
    <subfield code="d">98336</subfield>
  </datafield>
  <datafield tag="952" ind1=" " ind2=" ">
    <subfield code="0">0</subfield>
    <subfield code="1">0</subfield>
    <subfield code="2">ddc</subfield>
    <subfield code="4">0</subfield>
    <subfield code="6">P_C3</subfield>
    <subfield code="7">1</subfield>
    <subfield code="a">PAULUS</subfield>
    <subfield code="b">PAULUS</subfield>
    <subfield code="d">2013-04-09</subfield>
    <subfield code="l">0</subfield>
    <subfield code="o">P C3</subfield>
    <subfield code="r">2013-04-09 00:00:00</subfield>
    <subfield code="w">2013-04-09</subfield>
    <subfield code="y">BK</subfield>
  </datafield>
  <datafield tag="952" ind1=" " ind2=" ">
    <subfield code="0">0</subfield>
    <subfield code="1">0</subfield>
    <subfield code="2">ddc</subfield>
    <subfield code="4">0</subfield>
    <subfield code="6">P_C3</subfield>
    <subfield code="7">1</subfield>
    <subfield code="a">PAULUS</subfield>
    <subfield code="b">PAULUS</subfield>
    <subfield code="d">2013-04-09</subfield>
    <subfield code="l">0</subfield>
    <subfield code="o">P C3</subfield>
    <subfield code="r">2013-04-09 00:00:00</subfield>
    <subfield code="w">2013-04-09</subfield>
    <subfield code="y">BK</subfield>
  </datafield>
  <datafield tag="952" ind1=" " ind2=" ">
    <subfield code="0">0</subfield>
    <subfield code="1">0</subfield>
    <subfield code="2">ddc</subfield>
    <subfield code="4">0</subfield>
    <subfield code="6">P_C3</subfield>
    <subfield code="7">1</subfield>
    <subfield code="a">PAULUS</subfield>
    <subfield code="b">PAULUS</subfield>
    <subfield code="d">2013-04-09</subfield>
    <subfield code="l">0</subfield>
    <subfield code="o">P C3</subfield>
    <subfield code="r">2013-04-09 00:00:00</subfield>
    <subfield code="w">2013-04-09</subfield>
    <subfield code="y">BK</subfield>
  </datafield>
</record>
